000 00646nam a2200217Ii 4500
003 JO-AjNU
008 230605s9999||||xx |||||||||||||| ||und||
020 _a1986/4/433
040 _aJO-AjNU
_bara
_erda
_cJO-AjNU
041 _aara
050 1 4 _aQC6.H9912 1988
100 3 _aهايزنبرغ ، فيرنر,
_eauthor
_917615
245 0 0 _aالطبيعة في الفيزياء المعاصرة
250 _aط1
264 3 1 _aسوريا:طلاسدر ، 1986
300 _a226ص
336 _atext
_btxt
_2rdacontent
337 _aunmediated
_bn
_2rdamedia
338 _avolume
_bnc
_2rdacarrier
650 4 _aالفيزياء-فلسفة
_917616
999 _aA5477
_c9045
_d9045